| 000 | 00740nam a2200217Ia 4500 | ||
|---|---|---|---|
| 003 | 0 | ||
| 005 | 20250130135553.0 | ||
| 008 | 150126s9999 xx 000 0 und d | ||
| 050 |
_aPGS BF 789.C7 _b.F385 2014 |
||
| 100 | _aFerrer, Matthew Gerald L. | ||
| 245 |
_aMood stimulation and gender / _cMatthew Gerald L. Ferrer. |
||
| 260 |
_aLas PiƱas City, Philippines : _bSouthville International School and Colleges, _c2014. |
||
| 300 |
_a31 p. : _bill. ; _c28 cm. |
||
| 504 | _aIncludes bibliographical references. | ||
| 650 |
_aColor _vPsychological aspects. |
||
| 650 |
_aColors _vPhysiological effect. |
||
| 650 |
_aEmotions _vSex differences. |
||
| 650 | _aMood (Psychology). | ||
| 650 | _aPsychology of color. | ||
| 942 |
_2lcc _cPASS |
||
| 999 |
_c278576 _d278576 |
||